| 000 | 00649cam a2200193 4500 | ||
|---|---|---|---|
| 001 | sa 68012319 | ||
| 003 | DLC | ||
| 005 | 20260227112609.0 | ||
| 008 | 691107s1967 ii 00000 eng | ||
| 010 | _asa 68012319 //r84 | ||
| 050 | 0 |
_aVM301.H48 _bI5 |
|
| 110 | 1 | 0 |
_aIndia. _bParliament. _bCommittee on Public Undertakings. |
| 245 | 0 | 0 |
_aHindustan Shipyard ltd., _bMinistry of Transport and Aviation (Department of Transport, Shipping and Tourism) |
| 260 | 0 |
_aNew Delhi, _bLok Sabha Secretariat, _c1967. |
|
| 300 |
_av, 85 p. _c24 cm. |
||
| 410 | 1 | 1 |
_aIts _tReport, _v3d Lok Sabha, 37 |
| 500 | _aCover title. | ||
| 610 | 2 | 0 | _aHindustan Shipyard Limited. |
| 999 |
_c84451 _d84451 |
||